LEADER 01274nam0-2200385li-450 001 990000256900203316 005 20180312154723.0 010 $a2-88124-653-2 035 $a0025690 035 $aUSA010025690 035 $a(ALEPH)000025690USA01 035 $a0025690 100 $a2001995091991-------y0itay0103----ba 101 0 $aeng 102 $aUS 200 1 $aIntroduction to theoretical stereochemistry$fViatcheslav I. Sokolov$gtranslated from the Russian by N. F. Standen 210 $aNew York [etc.]$cGordon and Breach Science Publishers$dcopyr. 1991 215 $aXIV, 328 p.$cill.$d22 cm 312 $aTrad. di: vvedenie v teoreticheskuiu stereokhimiiu 610 1 $astereochimica 676 $a541223 700 1$aSokolov,$bViatcheslav I.$0746678 702 1$aStanden,$bN. F. 801 $aSistema bibliotecario di Ateneo dell' Università di Salerno$gRICA 912 $a990000256900203316 951 $a541.223 SOK$b17375/CBS$c541.223 959 $aBK 969 $aSCI 979 $c19950925 979 $c20001110$lUSA01$h1715 979 $c20020403$lUSA01$h1634 979 $aPATRY$b90$c20040406$lUSA01$h1618 979 $aRSIAV6$b90$c20090630$lUSA01$h0911 996 $aIntroduction to theoretical stereochemistry$91490766 997 $aUNISA LEADER 01169nam0 22002891i 450 001 UON00297525 005 20231205103948.997 010 $a88-498-0263-3 100 $a20070619d2002 |0itac50 ba 101 $aita 102 $aIT 105 $a|||| 1|||| 200 1 $aKarl Popper$eprotagonista del secolo XX$fDario Antiseri 210 $aSoveria Mannelli$eCZ$cRubbettino Editore$d2002 215 $a187 p.$cill.$d28 cm. 410 1$1001UON00176610$12001 $aBiblioteca Austriaca. Saggi$1210 $aSoveria Mannelli$eCatanzaro$cRubbettino.$v3 606 $aPOPPER KARL RAIMUND$3UONC049425$2FI 620 $aIT$dSoveria Mannelli (CZ)$3UONL003308 676 $a830.09$cLetteratura tedesca. Storia, descrizione, studi critici$v21 700 1$aANTISERI$bDario$3UONV118487$053664 712 $aRubbettino$3UONV250035$4650 801 $aIT$bSOL$c20240220$gRICA 899 $aSIBA - SISTEMA BIBLIOTECARIO DI ATENEO$2UONSI 912 $aUON00297525 950 $aSIBA - SISTEMA BIBLIOTECARIO DI ATENEO$dSI TED 25 II POP ANT $eSI LO 70628 5 996 $aKarl Popper$9838689 997 $aUNIOR